000 00525cam a2200145 4500500
005 20260329013009.0
041 _afre
042 _adc
100 1 0 _aLanghade, Jacques
_eauthor
245 0 0 _aIbn Hicham , La Biographie du prophète Mahomet , Texte traduit et annoté par Wahib Atallah. Fayard, 2004, 450 pages, 25 €
260 _c2005.
500 _a16
786 0 _nÉtudes | 402 | 2 | 2005-02-01 | p. X-X | 0014-1941
856 4 1 _uhttps://shs.cairn.info/revue-etudes-2005-2-page-X?lang=fr&redirect-ssocas=7080
999 _c1876281
_d1876281